000 00326nam a2200133Ia 4500
008 220204s9999 xx 000 0 und d
082 _a631(540)
_bARA
100 _aARAKERI, H R
245 0 _aIndian agriculture
260 _aNew Delhi
_bOxford & IBH
_c1982
650 _aAgriculture
650 _aFertilizer use
942 _cBK
999 _c39823
_d39823